000 01056naa a22002777a 4500
001 BR9510476
003 BR-BrBNA
005 20240918181740.0
007 ta
008 230509b bl.||||| |||| 00| 0 por d
040 _aBR-BrBNA
_bpor
_cBiblioteca Nacional de Agricultura
041 _a(Pt)
072 _aJ11
_b0150
090 _aJ11 BR9510476
100 1 _aMesquita, C. de M.
111 1 _aSimposio sobre a Cultura do Arroz de Sequeiro
_cJaboticabal, SP (Brazil)
_d25-27 May 1983
245 1 _aManejo da cultura do arroz de sequeiro: colheita - mecanizacao
260 3 _aPiracicaba, SP (Brasil):
_c1983.
500 _aCultura do arroz de sequeiro; fatores afetando a profundidade Piracicaba, SP (Brasil): 1983. p. 367-391 (BR9510476-AM)J11
650 _aArroz Sequeiro
650 _aColheita Mecanica
650 _aPerda Durante a Colheita
773 0 _tCultura do arroz de sequeiro; fatores afetando a profundidade
_wJ11 BR9510476
_gPiracicaba, SP (Brasil), 1983. p. 367-391
909 _a202404
_bLucia
_c55
_dLucia Elande
942 _cAM
_2AGRIS
999 _c326648
_d326648